000 00606nam a2200217Ia 4500
005 20250923145837.0
008 008 250917s9999 xx 000 0 eng d
037 _aTextual
040 _aDSWL
_beng
_cDSWL
041 _aeng
_2eng
084 _aX:991.2, N90
_qDSWL
100 _aSilvera, D.M.
_9839507
245 0 _aHuman resource development : The Indian experience
_c by D.M. Silvera
250 _a2nd
260 _aNew Delhi
_b News India
_c1990
300 _axxi,278p.
365 _aINR
_b250.00
925 _g250.00
942 _cTEXL
_hX:991.2, N90
999 _c1456398
_d1456398